000 00612nam a2200229Ia 4500
003 OSt
005 20221005032523.0
006 a|||||r|||| 00| 0
007 ta
008 221004b |||||||| |||| 00| 0 mal d
024 _a58771
037 _cTextual
040 _aCRL
_cCRL
_bmal
041 _2mal
_amal
082 _aR6, 32M2
100 _aVamanan K K Au.
_9585217
245 0 _aHinduthathva chinthayum adhunikasasthravum
260 _aCochin
_bViswa hindu books India
_c1982
650 _aPHILOSOPHY
942 _hR6, 32M2
_cTEXL
_2cc
999 _c939856
_d939856